000 00598nam a2200193Ia 4500
003 GCL
008 140319s9999 xx 000 0 ara d
040 _aGCL /
_cGCL
082 0 4 _a259
_bع ف
100 1 _aعبدالحليم محمود
245 1 0 _aفتاوى الامام عبد الحليم محمود /
_cعبدالحليم محمود
260 _a[S.N] :
_bدار المعارف ،
_c1988
300 _aمتعدد الترقيم
490 _a
650 0 4 _aالاسلام
650 0 4 _aالفتاوى الشرعية
650 0 4 _aالشريعة الاسلامية
942 _2ddc
_cBK
999 _c29688
_d29688